| 000 | 00702nam a22001577a 4500 | ||
|---|---|---|---|
| 003 | OSt | ||
| 005 | 20150919144424.0 | ||
| 008 | 150919b xxu||||| |||| 00| 0 eng d | ||
| 040 | _cRUA | ||
| 082 | _aAGR THU 2004 B030 Or.1 | ||
| 100 |
_9873 _aTHUOH, HENGVANN. |
||
| 245 | _acomparing varieties of lettuce in dry season 2004 at prek leap national school of agriculture (ការប្រៀបធៀបពូដំណាំសាលាដក្នុងលក្ខខណ្ឌរដូវប្រាំងឆ្នាំ ២០០៤ នៅសាលាជាតិកសិកម្មព្រែកលៀប)ព | ||
| 260 |
_aPhnom Penh _bRUA _c20004 |
||
| 300 |
_a51p. _bill. _c29cm. |
||
| 942 |
_2ddc _cAGR |
||
| 999 |
_c841 _d841 |
||